[Event "38. Biel International - Master"]
[Site "Biel SUI"]
[Date "2005.07.17"]
[Round "1.2"]
[White "Pelletier, Yannick"]
[Black "Gelfand, Boris"]
[Result "1/2-1/2"]
[WhiteElo "2603"]
[BlackElo "2671"]
[PlyCount "56"]
[EventDate "2005.07.18"]
[EventType "tourn"]
[EventRounds "10"]
[EventCountry "SUI"]
[EventCategory "16"]
[Source "lmi"]
[SourceDate "2005.07.27"]

1. d4 Nf6 2. c4 e6 3. Nf3 b6 4. g3 Ba6 5. b3 Bb4+ 6. Bd2 Be7 7. Bg2 c6 8. Bc3
d5 9. Ne5 Nfd7 10. Nxd7 Nxd7 11. Nd2 O-O 12. O-O Rc8 13. e4 b5 14. Re1 dxe4 15.
Bxe4 bxc4 16. bxc4 Nb6 17. c5 Nd5 18. Qc2 h6 19. Bg2 Rb8 20. Nf3 Bf6 21. Bd2
Rb7 22. h4 Bb5 23. Re4 Rd7 24. a4 Ba6 25. Rb1 Ne7 26. Rb4 Nd5 27. Rb1 Ne7 28.
Rb4 Nd5 1/2-1/2

[Event "38. Biel International - Master"]
[Site "Biel SUI"]
[Date "2005.07.18"]
[Round "2.3"]
[White "Volokitin, Andrei"]
[Black "Nakamura, Hikaru"]
[Result "1/2-1/2"]
[WhiteElo "2671"]
[BlackElo "2660"]
[PlyCount "78"]
[EventDate "2005.07.18"]
[EventType "tourn"]
[EventRounds "10"]
[EventCountry "SUI"]
[EventCategory "16"]
[Source "lmi"]
[SourceDate "2005.07.27"]

1. e4 e5 2. Nf3 Nc6 3. Bb5 a6 4. Ba4 Nf6 5. O-O Nxe4 6. d4 b5 7. Bb3 d5 8. dxe5
Be6 9. Nbd2 Nc5 10. c3 d4 11. Bxe6 Nxe6 12. cxd4 Ncxd4 13. a4 Bb4 14. axb5 Nxb5
15. Qb3 a5 16. Qc4 Nbd4 17. Nxd4 Qxd4 18. Qc6+ Ke7 19. Nf3 Qd7 20. Qc2 h6 21.
Rd1 Qb5 22. Nd4 Nxd4 23. Rxd4 Rhd8 24. Qxc7+ Rd7 25. Rxd7+ Qxd7 26. Qc2 Rd8 27.
Be3 Qd3 28. Qxd3 Rxd3 29. Kf1 Rb3 30. Bd4 Ke6 31. Ke2 g5 32. Rd1 Kd5 33. Bc3+
Ke6 34. Bd4 Kd5 35. Rd3 Rxd3 36. Kxd3 a4 37. f3 h5 38. Be3 Be7 39. Bd4 Bb4
1/2-1/2

[Event "38. Biel International - Master"]
[Site "Biel SUI"]
[Date "2005.07.22"]
[Round "6.3"]
[White "Gelfand, Boris"]
[Black "Pelletier, Yannick"]
[Result "1/2-1/2"]
[WhiteElo "2671"]
[BlackElo "2603"]
[PlyCount "75"]
[EventDate "2005.07.18"]
[EventType "tourn"]
[EventRounds "10"]
[EventCountry "SUI"]
[EventCategory "16"]
[Source "lmi"]
[SourceDate "2005.07.27"]

1. d4 Nf6 2. c4 e6 3. Nf3 b6 4. g3 Bb7 5. Bg2 Bb4+ 6. Bd2 a5 7. O-O Bxd2 8.
Qxd2 O-O 9. Rd1 d6 10. Qc2 Be4 11. Qc1 Bb7 12. Qf4 Nbd7 13. Nc3 Re8 14. e4 e5
15. Qe3 Qb8 16. Rac1 c6 17. Nh4 g6 18. Bh3 Qc7 19. Rd2 Rad8 20. Rcd1 exd4 21.
Rxd4 Nc5 22. Nf5 d5 23. cxd5 cxd5 24. Qh6 Ne6 25. exd5 gxf5 26. dxe6 Rxd4 27.
Rxd4 Rxe6 28. Qd2 Qc6 29. Rd8+ Re8 30. Rxe8+ Nxe8 31. f3 Qxf3 32. Bg2 Qxg2+ 33.
Qxg2 Bxg2 34. Kxg2 Nc7 35. Kf3 Kg7 36. Ke3 Kf6 37. Kd4 Ke6 38. Na4 1/2-1/2

[Event "38. Biel International - Master"]
[Site "Biel SUI"]
[Date "2005.07.27"]
[Round "10.1"]
[White "Bauer, Christian"]
[Black "Pelletier, Yannick"]
[Result "1-0"]
[WhiteElo "2641"]
[BlackElo "2603"]
[PlyCount "81"]
[EventDate "2005.07.18"]
[EventType "tourn"]
[EventRounds "10"]
[EventCountry "SUI"]
[EventCategory "16"]
[Source "lmi"]
[SourceDate "2005.07.27"]

1. c4 Nf6 2. d4 e6 3. Nc3 Bb4 4. f3 d5 5. a3 Bxc3+ 6. bxc3 c6 7. Qc2 O-O 8. e4
dxe4 9. fxe4 e5 10. Nf3 Re8 11. Bd3 c5 12. d5 Nbd7 13. O-O Nf8 14. Rb1 Ng6 15.
Qf2 b6 16. Nh4 Rf8 17. Nf5 Ne8 18. Qg3 f6 19. h4 Bxf5 20. exf5 Ne7 21. h5 Kh8
22. h6 Rf7 23. Qh4 Ng8 24. hxg7+ Rxg7 25. a4 a5 26. Be3 Nd6 27. Rf2 Rb8 28. Kh1
Rbb7 29. g4 h6 30. Rh2 Rh7 31. Qe1 Qe8 32. Qd1 h5 33. Rbb2 hxg4 34. Qxg4 e4 35.
Bf1 Qe5 36. Bf4 Qxf5 37. Qg3 Rbg7 38. Rxh7+ Qxh7+ 39. Rh2 Nf5 40. Qf2 Nfh6 41.
Bxh6 1-0